Mountain West Conference Champions by Year - Statistics

General Stats
  • This quiz has been taken 14 times
  • The average score is 11 of 27
Answer Stats
Season Champion % Correct
2019 Boise State Broncos
82%
2017 Boise State Broncos
82%
2014 Boise State Broncos
82%
2018 Fresno State Bulldogs
73%
2016 San Diego State Aztecs
73%
2015 San Diego State Aztecs
73%
2020 San Jose State Spartans
73%
2021 Utah State Aggies
73%
2013 Fresno State Bulldogs
64%
2012* Boise State Broncos
45%
2012* Fresno State Bulldogs
36%
2012* San Diego State Aztecs
36%
2007 BYU Cougars
27%
2006 BYU Cougars
27%
2001 BYU Cougars
27%
2002 Colorado State Rams
27%
2011 TCU Horned Frogs
27%
2010 TCU Horned Frogs
27%
2009 TCU Horned Frogs
27%
2008 Utah Utes
27%
1999* BYU Cougars
18%
2000 Colorado State Rams
18%
1999* Colorado State Rams
18%
2005 TCU Horned Frogs
18%
2004 Utah Utes
18%
2003 Utah Utes
18%
1999* Utah Utes
9%
No matching quizzes found
Score Distribution
Percent of People with Each Score
Percentile by Number Answered
Your Score History
You have not taken this quiz